| 000 | 00000nam##2200000za#4500 |
| 001 | 9.699332 |
| 003 | CaOODSP |
| 005 | 20210625000331 |
| 007 | cr ||||||||||| |
| 008 | 150407|1983||||xxc|||||o f|0| 0 eng|d |
| 040 | |aCaOODSP|beng |
| 043 | |an-cn--- |
| 086 | 1 |aA53-899/1983E-PDF |
| 110 | 1 |aCanada.|bAgriculture Canada.|bResearch Branch. |
| 245 | 10|aHedges for Canadian gardens / |h[electronic resource]|crevised by Trevor J. Cole. |
| 250 | |aRevised |
| 260 | |aOttawa - Ontario : |bAgriculture Canada. |c1955, [revised 1980], c1980, reprinted 1983. |
| 300 | |a40p.|billus., maps, tables, photographs |
| 500 | |aHistorical publication digitized by Agriculture and Agri-Food Canada. |
| 590 | |a14-11-Supp|b2014-05-21 |
| 690 | 07|aGardens|2gcpds |
| 690 | 07|aHorticulture|2gcpds |
| 775 | 08|tHaies pour jardins canadiens / |w(CaOODSP)9.643323 |
| 856 | 40|ahttp://publications.gc.ca|qPDF|s2.6 MB|uhttps://publications.gc.ca/collections/collection_2014/aac-aafc/agrhist/A53-899-1983-eng.pdf |
| 986 | |a899E |